| 000 | 00735nam a22002417a 4500 | ||
|---|---|---|---|
| 001 | 15378 | ||
| 003 | BD-RjUL | ||
| 005 | 20211208235814.0 | ||
| 008 | 140210r20041999I ||||| |||| 001 0 eng d | ||
| 020 | _a8171414286 | ||
| 035 | _a(BD-RjUL)15432 | ||
| 040 |
_aBD-RjUL _beng _cBD-RjUL _dBD-RjUL |
||
| 041 | _aeng | ||
| 082 | 0 | 4 |
_221 _a639.3 _bRET 2004 |
| 100 | 1 |
_aReddy, M. Srinivasulu, _947791 |
|
| 245 |
_aA text book of aquaculture / _cDr. M. Srinivasulu and Dr. K. R. S. Sambaviva Rao. |
||
| 260 |
_aNew Delhi : _bDiscovery pub. , _cc1999 [Reprinted 2005]. |
||
| 300 |
_avii,286 p. : _bill. ; _c24 cm. |
||
| 504 | _aIncludes index. | ||
| 650 | 7 |
_aaquaculture _947792 |
|
| 700 | 1 |
_aRao, K. R. S. Sambaviva , _947793 |
|
| 942 |
_2ddc _cBK |
||
| 999 |
_c15378 _d15378 |
||